00921 2200349 4500001002100000005001700021008004100038020002200079035002500101040001200126041000800138082001600146084002000162100001300182245004400195250001000239260003200249300004000281504002600321600001600347650003800363990001700401990001700418990001700435990001700452990001700469990001700486990001700503990001700520990001700537990001700554YOGYA-0213000000001720151013092152.0 ind  a978-602-978-652-1 a0010-021300000000017 aYOPDYOG aInd aR 613.04244 aR 613.04244 Elm aEL-MANAN aKamus pintar kesehatan wanitacEL-MANAN aCet.1 aYogyakartabBuku Biruc2011 a406 hlm. :bilus. ;c23 cm (10 eks) aBibliografi: hlm. 405 aVirsya Hany aWanita - Kesehatan dan kebersihan a2181-PK/B.12 a2182-PK/B.12 a2183-PK/B.12 a2184-PK/B.12 a2185-PK/B.12 a2186-PK/B.12 a2187-PK/B.12 a2188-PK/B.12 a2189-PK/B.12 a2190-PK/B.12